Polscy Piłkarze po Historii Transferów #1 - Statystyki

Ogólne statystyki
  • Ten quiz został rozwiązany 6 376 razy
  • Średni wynik to 5 z 7
Statystyki odpowiedzi
Zawodnik % Poprawnych
Robert Lewandowski
100%
Grzegorz Krychowiak
84%
Krzysztof Piątek
83%
Kamil Glik
78%
Artur Boruc
70%
Zbigniew Boniek
64%
Jacek Krzynówek
33%
Nie znaleziono quizów pasujących do podanych kryteriów
Rozkład punktacji
Procent ludzi z każdym wynikiem
Percentyl według liczby udzielonych odpowiedzi
Twoja historia wyników
Nie rozwiązałeś tego quizu